Animals by Letter and Picture-C - Statistics

General Stats
  • This quiz has been taken 98 times
  • The average score is 13 of 15
Answer Stats
Picture Answer % Correct
Cat
100%
Cheetah
97%
Camel
96%
Cobra
96%
Cow/Cattle
96%
Crab
92%
Chameleon
88%
Centipede
85%
Chicken
85%
Caterpillar
84%
Cougar
81%
Chipmunk
80%
Chinchilla
73%
Capybara
72%
Cassowary
59%
No matching quizzes found
Score Distribution
Percent of People with Each Score
Percentile by Number Answered
Your Score History
You have not taken this quiz